000 01019cab a2200253 4500
001 ABS59902
008 090401t1999 xxu||||| |||| 00| 0 eng d
035 _a(Sirsi) u91076
041 _aeng
100 _aRaftery, J.
245 _aQuasi-rational behaviour in the property and construction market
260 _c1999
350 _a0
490 _aConstruction Management and Economics
_v17(1) January 1999, 21-27(7)
520 _aDiscusses the idea of quasi-rationality ie. behaviour which is consistent but not rational, amongst construction and property professionals in relation to perceptions of salary levels and risk aversion in agreeing contracts for property development. The implications of this for the property and constructions markets are discussed.
650 _aBEHAVIOUR
650 _aCONSTRUCTION MARKET
650 _aPROPERTY DEVELOPMENT
650 _aPROPERTY MARKET
650 _aRISK AVERSION
690 _aBUILDING AND CONSTRUCTION-ECONOMICS
942 _n0
948 _c03/02/1999
999 _c57787
_d57787